Estatísticas para Vencedores do Prêmio Melhores do Ano - Ator de novela

Clique aqui para jogar o quiz

Estatísticas Gerais

  • Esse quiz foi jogado 66 vezes
  • A pontuação média é 16 de 24

Estatísticas das Respostas

AnoNovelaAtor% Correto
1996O Rei do GadoAntônio Fagundes
87%
2001Porto dos MilagresAntônio Fagundes
87%
2008A FavoritaMurilo Benício
87%
2012Avenida BrasilMurilo Benício
87%
2010Ti Ti TiMurilo Benício
87%
2013Amor à VidaMateus Solano
83%
1998Torre de BabelTony Ramos
81%
2000Laços de FamíliaTony Ramos
81%
2004CaboclaTony Ramos
81%
2015A Regra do JogoAlexandre Nero
79%
2014ImpérioAlexandre Nero
79%
2006Cobras & LagartosLázaro Ramos
79%
2003KubanacanMarcos Pasquim
71%
2007Paraíso TropicalWagner Moura
69%
2002O Beijo do VampiroTarcísio Meira
63%
1995História de AmorJosé Mayer
56%
2018O Outro Lado do ParaísoSérgio Guizé
56%
2016Êta Mundo Bom!Sérgio Guizé
56%
2009ParaísoEriberto Leão
52%
2011Insensato CoraçãoGabriel Braga Nunes
48%
2017A Força do QuererMarco Pigossi
48%
2019Verão 90Jesuíta Barbosa
42%
1999Andando nas NuvensMarco Nanini
35%
2005AméricaCaco Ciocler
29%

Distribuição das Pontuações

Percentil de Números Respondidos

Porcentagem de Pessoas com Cada Pontuação

Sua Pontuação Histórica

Você não jogou esse quiz